CHIPS "n" DIP! - Statistics

General Stats
  • This quiz has been taken 292 times
  • The average score is 6 of 10
Answer Stats
Hint Answer % Correct
What is this quiz about? CHIPS 'n' DIP!
97%
Do you want GRAPEFRUIT! to be the next quiz? YES!
75%
LOL! LOL!
71%
bye bye till nex ttime kkkkkkkkkkkkkkkkkkkkk?????????????? K!
61%
What's my series called? FOOD!
57%
Cheech and Chong
53%
What was my last quiz called? POTATO!
50%
What was my first quiz called? RICE!
50%
HEEEEEEEY!!!!!! Hi there!
49%
heheh ummmm.......
49%
No matching quizzes found
Score Distribution
Percent of People with Each Score
Percentile by Number Answered
Your Score History
You have not taken this quiz